Normal view
MARC view
- Ignacio Rojas
Entry Personal Name
001 - CONTROL NUMBER
- control field: 26094
003 - CONTROL NUMBER IDENTIFIER
- control field: NUST
005 - DATE AND TIME OF LATEST TRANSACTION
- control field: 20191122151103.0
008 - FIXED-LENGTH DATA ELEMENTS
- fixed length control field: 191122|| aca||aabn | a|a d
040 ## - CATALOGING SOURCE
- Original cataloging agency: NUST
- Transcribing agency: NUST
100 ## - HEADING--PERSONAL NAME
- Personal name: Ignacio Rojas
670 ## - SOURCE DATA FOUND
- Source citation: Work cat.: (NUST)532122: Ignacio Rojas , Bioinformatics and biomedical engineering.
